| 000 | 00608nam a22001937a 4500 | ||
|---|---|---|---|
| 003 | OSt | ||
| 005 | 20260129052156.0 | ||
| 008 | 260129b |||||||| |||| 00| 0 eng d | ||
| 020 | _a978-971-691-476-4. | ||
| 040 |
_aDWCL-Main lib _cOC |
||
| 082 |
_22nd edition _aFil. 346.02 Au941f 2006 |
||
| 100 | _aAustria, Salvador E. | ||
| 245 |
_aFundamentals of Obligations and Contracts _cSalvador E. Austria |
||
| 260 |
_aQuezon City : _bCentral Book Supply Inc., _cc2006. |
||
| 300 |
_avi, 302 pages ; _c22 cm. |
||
| 650 | _a1. Contracts. | ||
| 700 | _aAquino, Timoteo B. | ||
| 942 |
_2ddc _cBK - FIL _e2nd ed. _kFil. _n0 |
||
| 999 |
_c7967 _d7967 |
||